000 00546nam a2200169Ia 4500
003 GCL
008 140319s9999 xx 000 0 ara d
040 _aGCL /
_cGCL
082 0 4 _aد
_b050
100 1 _aمحمد بهى الدين عرجون
245 1 0 _aالفضاء الخارجى و استخداماتة السلمية (عالم المعرفة 214 ) /
_cمحمد بهى الدين عرجون
300 _a419
490 _aعالم المعرفة
_v0
650 0 4 _aدوريات
650 0 4 _aالفضاء الخارجى
942 _2ddc
_cBK
999 _c46712
_d46712